Datum a čas kvízu
28.5
Celkem bodů
Celkový počet nahraných bodů na tomto kvízu bez doplňovacích otázek.
4.
Pořadí na kvízu
Konečné umístění týmu na tomto kvízu.
Zaznamenané odpovědi
| # | Otázka | Odpověď | Body | Výsledky |
|---|---|---|---|---|
| 1. | Až na jih Moravy se zatoulal p... | D) pelikán | 0 | |
| 2. | Český řidič kamionu v pondělí... | B) do běžkařské stopy | 0 | |
| 3. | Jeden americký umělec obdržel... | Kendrick Lamar | 0 | |
| 4. | Vláda jednoho jihoevropského s... | o Chorvatsku | 1 | |
| 5. | Tento osmnáctiletý český rychl... | Metoděj Jílek | 0 | |
| 6. | Kterým podstatným jménem se oz... | bakteriofágy/fágy | 0 | |
| 7. | V roce 2016 vyhlásila WHO glob... | zika | 0 | |
| 8. | Přiřaďte viry k onemocněním, k... | 1A 2D 3B 4C | 0 | |
| 9. | Viry mají svou genetickou info... | U (uracil) | 0 | |
| 10. | V oblíbené ptačí rezervaci z n... | Pandemie | 1 |